00880nam a2200265 i 4500001000300000003000400003005001700007008003900024020002900063040000800092080001000100080001000110080001200120100003600132245009100168246003200259250001700291260004300308300004100351504003600392655003000428650002400458710003400482856009800516bgBPK20190725095255.0 s1995 pl f f |000 0 pol a8301119535 (całość) cBPK a621.3 a537.8 a(075.8)1 aKrakowski, Maciejd(1924-2004).00aElektrotechnika teoretyczna.nCz. 1,pObwody liniowe i nieliniowe /cMaciej Krakowski.30aObwody liniowe i nieliniowe aWyd. 5 popr. aWarszawa :bWydaw. Naukowe PWN,c1995. a699, [1] s. :brys., wykr. ;c24 cm. aBibliogr. s. 691-693. - Indeks. 4aPodręczniki akademickie 4aObwód elektryczny2 aWydawnictwo Naukowe PWN4pbl. uhttp://koha.tu.koszalin.pl/cgi-bin/koha/opac-detail.pl?biblionumber=25031yKatalog online BPK